<?xml version="1.0" encoding="UTF-8"?>
<marc:record xmlns:marc="http://www.loc.gov/MARC21/slim">
   <marc:leader>00000nam a2200000 a 4500</marc:leader>
   <marc:datafield ind1="0" ind2="0" tag="245">
      <marc:subfield code="a">Ein Zoo im Garten [Bildtonträger]</marc:subfield>
   </marc:datafield>
   <marc:datafield ind1=" " ind2="1" tag="264">
      <marc:subfield code="b">Universum Film GmbH &amp; Co KG</marc:subfield>
      <marc:subfield code="c">2009</marc:subfield>
   </marc:datafield>
   <marc:datafield ind1="1" ind2=" " tag="490">
      <marc:subfield code="a">Caillou</marc:subfield>
      <marc:subfield code="v">6</marc:subfield>
   </marc:datafield>
   <marc:datafield ind1="1" ind2=" " tag="520">
      <marc:subfield code="a">Caillou ist gerade vier Jahre alt geworden und weiß, was es heißt, wenn man die Welt und damit jeden Tag etwas Neues entdeckt. In dieser neuen Episodensammlung mit 6 Doppelfolgen, entdeckt Caillou wie der sich die Schuhe binden kann, wie er einen Zoo im eigenen Garten veranstalten kann oder mal ganz lange aufbleiben darf. Caillous Familie ist immer mit dabei und beantworten Caillou all seine Fragen. Und wenn er gar nicht mehr weiter weiß, helfen ihm Kater Gilbert, Teddy, der Bär und Rex, der Dinosaurier.</marc:subfield>
   </marc:datafield>
   <marc:datafield ind1=" " ind2=" " tag="500">
      <marc:subfield code="a">Deutsch, Englisch</marc:subfield>
   </marc:datafield>
   <marc:datafield ind1="0" ind2=" " tag="490">
      <marc:subfield code="v">0</marc:subfield>
   </marc:datafield>
   <marc:datafield ind1=" " ind2=" " tag="300">
      <marc:subfield code="a">1 DVD (85 Min., Ländercode 2): farbig</marc:subfield>
   </marc:datafield>
</marc:record>
